<?xml version="1.0" encoding="UTF-8"?>
<record
    xmlns:xsi="http://www.w3.org/2001/XMLSchema-instance"
    xsi:schemaLocation="http://www.loc.gov/MARC21/slim http://www.loc.gov/standards/marcxml/schema/MARC21slim.xsd"
    xmlns="http://www.loc.gov/MARC21/slim">

  <leader>00400    a2200157   4500</leader>
  <controlfield tag="005">20250623131728.0</controlfield>
  <datafield tag="020" ind1=" " ind2=" ">
    <subfield code="a">0-201-66469-0</subfield>
  </datafield>
  <datafield tag="082" ind1=" " ind2=" ">
    <subfield code="a">338.5LIP</subfield>
  </datafield>
  <datafield tag="100" ind1=" " ind2=" ">
    <subfield code="a">LIPSEY, G. R.</subfield>
  </datafield>
  <datafield tag="245" ind1=" " ind2=" ">
    <subfield code="a">Microeconomics</subfield>
  </datafield>
  <datafield tag="250" ind1=" " ind2=" ">
    <subfield code="a">10th</subfield>
  </datafield>
  <datafield tag="260" ind1=" " ind2=" ">
    <subfield code="a">London,</subfield>
    <subfield code="b">Canadian Cataloging publishing Data</subfield>
    <subfield code="c">2001.</subfield>
  </datafield>
  <datafield tag="300" ind1=" " ind2=" ">
    <subfield code="a">vi,; 863p,; ill, table, picture</subfield>
    <subfield code="b">Index</subfield>
    <subfield code="c">25cm</subfield>
  </datafield>
  <datafield tag="700" ind1=" " ind2=" ">
    <subfield code="a">Ragan. T.C</subfield>
  </datafield>
  <datafield tag="942" ind1=" " ind2=" ">
    <subfield code="2">ddc</subfield>
    <subfield code="c">BKS</subfield>
  </datafield>
  <datafield tag="999" ind1=" " ind2=" ">
    <subfield code="c">4648</subfield>
    <subfield code="d">4648</subfield>
  </datafield>
  <datafield tag="952" ind1=" " ind2=" ">
    <subfield code="r">2025-06-23 09:43:44</subfield>
    <subfield code="l">0</subfield>
    <subfield code="o">338.5LIP</subfield>
    <subfield code="p">DOM0003179</subfield>
    <subfield code="v">255000.00</subfield>
    <subfield code="w">2025-06-23</subfield>
    <subfield code="y">BKS</subfield>
    <subfield code="1">0</subfield>
    <subfield code="2">ddc</subfield>
    <subfield code="4">0</subfield>
    <subfield code="7">0</subfield>
    <subfield code="0">0</subfield>
    <subfield code="a">004</subfield>
    <subfield code="b">004</subfield>
    <subfield code="c">SPECIAL</subfield>
    <subfield code="d">2009-08-05</subfield>
    <subfield code="g">85000.00</subfield>
  </datafield>
  <datafield tag="952" ind1=" " ind2=" ">
    <subfield code="r">2025-06-27 07:28:41</subfield>
    <subfield code="l">0</subfield>
    <subfield code="o">338.5 LIP</subfield>
    <subfield code="p">DOM0003447</subfield>
    <subfield code="v">255000.00</subfield>
    <subfield code="w">2025-06-27</subfield>
    <subfield code="y">BKS</subfield>
    <subfield code="1">0</subfield>
    <subfield code="2">ddc</subfield>
    <subfield code="4">0</subfield>
    <subfield code="7">0</subfield>
    <subfield code="0">0</subfield>
    <subfield code="a">004</subfield>
    <subfield code="b">004</subfield>
    <subfield code="c">GEN</subfield>
    <subfield code="d">2009-08-05</subfield>
    <subfield code="g">85000.00</subfield>
  </datafield>
  <datafield tag="952" ind1=" " ind2=" ">
    <subfield code="r">2025-06-27 07:29:08</subfield>
    <subfield code="l">0</subfield>
    <subfield code="o">338.5 LIP</subfield>
    <subfield code="p">DOM0003448</subfield>
    <subfield code="v">255000.00</subfield>
    <subfield code="w">2025-06-27</subfield>
    <subfield code="y">BKS</subfield>
    <subfield code="1">0</subfield>
    <subfield code="2">ddc</subfield>
    <subfield code="4">0</subfield>
    <subfield code="7">0</subfield>
    <subfield code="0">0</subfield>
    <subfield code="a">004</subfield>
    <subfield code="b">004</subfield>
    <subfield code="c">GEN</subfield>
    <subfield code="d">2009-08-05</subfield>
    <subfield code="g">85000.00</subfield>
  </datafield>
  <datafield tag="952" ind1=" " ind2=" ">
    <subfield code="r">2025-06-27 07:29:33</subfield>
    <subfield code="l">0</subfield>
    <subfield code="o">338.5 LIP</subfield>
    <subfield code="p">DOM0003446</subfield>
    <subfield code="v">255000.00</subfield>
    <subfield code="w">2025-06-27</subfield>
    <subfield code="y">BKS</subfield>
    <subfield code="1">0</subfield>
    <subfield code="2">ddc</subfield>
    <subfield code="4">0</subfield>
    <subfield code="7">0</subfield>
    <subfield code="0">0</subfield>
    <subfield code="a">004</subfield>
    <subfield code="b">004</subfield>
    <subfield code="c">GEN</subfield>
    <subfield code="d">2009-08-05</subfield>
    <subfield code="g">85000.00</subfield>
  </datafield>
  <datafield tag="952" ind1=" " ind2=" ">
    <subfield code="r">2025-06-28 07:46:40</subfield>
    <subfield code="l">0</subfield>
    <subfield code="o">3338.5LIP</subfield>
    <subfield code="p">DOM0002606</subfield>
    <subfield code="v">255000.00</subfield>
    <subfield code="w">2025-06-28</subfield>
    <subfield code="y">BKS</subfield>
    <subfield code="1">0</subfield>
    <subfield code="2">ddc</subfield>
    <subfield code="4">0</subfield>
    <subfield code="7">0</subfield>
    <subfield code="0">0</subfield>
    <subfield code="a">004</subfield>
    <subfield code="b">004</subfield>
    <subfield code="c">GEN</subfield>
    <subfield code="d">2009-08-05</subfield>
    <subfield code="g">85000.00</subfield>
  </datafield>
</record>
